| 000 | 01247nam a2200241Ia 4500 | ||
|---|---|---|---|
| 003 | Ost | ||
| 005 | 20260507075653.0 | ||
| 008 | 260507s9999||||xx |||||||||||||| ||und|| | ||
| 040 | _cfsecg | ||
| 041 | _aara | ||
| 082 | _a658.15 | ||
| 100 |
_aالسعايدة، فيصل جميل _eمؤلف |
||
| 245 | 0 |
_aالملخص الوجيز للإدارة والتحليل المالي / _c فيصل جميل السعايدة |
|
| 260 |
_aعمان: _bمكتبة المجتمع العربي للنشر والتوزيع, _c2004 |
||
| 300 |
_a219 صفحة؛ _bإيضاحات ؛ _c24 سم |
||
| 504 | _aالمراجع ص. 219 | ||
| 520 | _aالإدارة المالية- السياسات المالية- مصادر التمويل- العوامل المحددة لأنواع التمويل- إدارة الموجودات- التحليل المالي- أدوات التحليل المالي- التحليل المالي بالنسب- تحليل التعادل- تحليل الرفع- التخطيط المالي- الرياضة المالية. | ||
| 653 | _aالإدارة | ||
| 653 | _aالإدارة المالية | ||
| 653 | _aالتحليل المالي | ||
| 700 |
_aفريد، نضال عبد الله _eمؤلف ثانوي |
||
| 942 | _cكتاب | ||
| 999 |
_c45637 _d45637 |
||